000 00685nam a2200277Ia 4500
005 20260324140146.0
008 008 260324s9999 xx 000 0 eng d
020 _a9780429348433
037 _aEBOOK
040 _aCRL
040 _beng
040 _cCRL
041 _2eng
041 _aeng
084 _qCRL
100 _aJames Walvin; Anne K Mellor; Peter J Kitson; Debbie Lee
_91203352
245 0 _aSlavery, Abolition and Emancipation Vol 2
260 _bTaylor and Francis
260 _c1999
365 _a
365 _b180
856 _uhttp://www.taylorfrancis.com/books/9780429348433
942 _cEBOOK
999 _c1805112
_d1805112